<The> MiFID revolution

Gespeichert in:
Bibliographische Detailangaben
1. Verfasser: Casey, Jean-Pierre
Weitere Verfasser: Lannoo, Karel
Format: Buch
Sprache:Englisch
Veröffentlicht: New York Cambridge University Press 2009
Schlagworte:
Tags: Tag hinzufügen
Keine Tags, Fügen Sie das erste Tag hinzu!

MARC

LEADER 00000nam$a2200000$$$4500
001 0100947
005 20240306135836.4
020 |a 978-0-521-51863-5 
041 0 |a eng 
044 |a US 
245 1 0 |a <The> MiFID revolution  |c J. - P. Casey and K. Lannoo 
264 1 |a New York  |b Cambridge University Press  |c 2009 
300 |a 228 s. 
610 2 0 |a nástroje finančné 
610 2 0 |a trh finančný 
610 2 0 |a predpisy 
610 2 0 |a zákazníci 
610 2 0 |a firmy 
610 2 0 |a investovanie 
610 2 0 |a stratégia podniková 
610 2 0 |a služby finančné 
610 2 0 |a konflikt záujmov 
610 2 0 |a riadenie 
100 1 |a Casey, Jean-Pierre 
700 1 |a Lannoo, Karel